• 首页
  • 本馆介绍
  • 公告通知
  • 最新文献
  • 馆藏检索
  • 电子资源
  • 读者导购
  • 参考咨询
  • 我的图书馆
  • 登录
  • 详细信息显示
  • 放入我的书架
  • 预约/预借图书
  • 作者相关作品
  • 分类相关作品
  • 丛书相关作品
  • 出版社相关作品

书目信息

  • 表格格式
  • 工作单格式
  • 卡片格式
题名:
经典常谈
    
 
作者: 朱自清 著
分册:  
出版信息: 北京   三联书店  1980
页数: 138页
开本: 25cm
丛书名:
单 册:
中图分类: Z429.6 , G256.4
科图分类:
主题词: 杂著y中国--现代--选集 , 图书馆学 , 图书馆事业
电子资源:
ISBN:
000 00687nam0 2200265 45
001 0180003882
005 20070728180926.07
010    @dCNY0.34
091    @a7002.20
100    @a19950427d1980 emky0chiy0121 ea
101 0  @achi
102    @aCN@b110000
105    @ay z 000yy
200 10 @a经典常谈@Ajing dian chang tan@f朱自清著
210    @a北京@c三联书店@d1980
215    @a138页@d25cm
606    @a杂著y中国@z现代@x选集
606 0  @a图书馆学
606 0  @a图书馆事业
690    @aZ429.6@v3
690    @aG256.4
701  0 @a朱自清@Azhu zi qing@4著
801  0 @aCN@b上海图书馆@c20070728
801  2 @aCN@bNLC@c20060804
905    @f4@b82151-154@f2@b169600-601@dG256.4@e2
    
    经典常谈/朱自清著.-北京:三联书店,1980
    138页;25cm
    
    
    ISBN :CNY0.34
    
●
相关链接 在E读中查询图书 在五车中查询图书 在当当中查询图书 在豆瓣中查询图书


正题名:经典常谈     索取号:G256.4/2         预约/预借

序号 登录号 条形码 馆藏地/架位号 状态 备注
1 0082151   000498027   密集书库/ [索取号:G256.4/2] 在馆    
2 0082152   000213398   密集书库/ [索取号:G256.4/2] 在馆    
3 0082153   000498036   密集书库/ [索取号:G256.4/2] 在馆    
4 0082154   000213316   密集书库/ [索取号:G256.4/2] 在馆    
5 0082155   000498045   第一样本阅览室/ [索取号:G256.4/2] 在馆    
6 0169600   000498054   密集书库/ [索取号:G256.4/2] 在馆    
7 0169601   000213352   密集书库/ [索取号:G256.4/2] 在馆    
8 0447037   204470376   密集书库/ [索取号:G256.4/2] 在馆    
9 0783964   207839641   密集书库/ [索取号:G256.4/2] 在馆    
10 0785758   207857586   密集书库/ [索取号:G256.4/2] 在馆    
唐山师范学院图书馆 欢迎您!
大连网信软件有限公司© 版权所有